000 00758cem a22002411 4500
001 0000012690
005 20151217161143.0
007 aj cauun
008 090311s xx a 0 eng d
020 _a0333921210
034 0 _aa
040 _aKABU
_cKABU
110 2 _aMAPgraphics.
_@0000169583
245 1 0 _aMacmillan physical and political wall map of East Africa
_h[map] /
_ccompiled, drawn by MAPgraphics.
255 _aScale 1 : 2,300,000.
260 _aNairobi :
_bMacmillan Education (K),
_c2005.
300 _a1 map :
_bcol ;
_c80x110 cm.
500 _a1 side-political and the other physical.
651 0 _aAfrica, East
_xMaps.
_@0000159749
908 _a090311
950 _@1
999 _c15105
_d15105